000 00630nam a22001817a 4500
003 0
005 20241122150742.0
008 241122b xxu||||| |||| 00| 0 eng d
020 _a9780323882521
050 _aRT 85.5
_b.N87 2024
245 _aNursing outcomes classification (NOC) :
_bmeasurement of health outcomes /
_c[editors] Sue Moorhead, Elizabeth Swanson, Marion Johnson.
260 _aSt. Louis, Missouri :
_bElsevier,
_c2024.
300 _axx, 863 p. ;
_c24 cm.
504 _aIncludes bibliographical references and index.
650 _aNursing audit.
650 _aOutcome assessment (medical care).
942 _2lcc
_cBK
999 _c366807
_d366807